00680nam a2200217 a 4500001001300000003000900013005001700022008004100039020002200080082001500102100001700117245006900134260004300203300000900246500003500255650001200290902000800302942000700310952012800317999001700445nice12345678IN_TiNIC20260116014926.0130520s1986 lona grp 000 0 eng  a0232516782 c8000a242.8bALL aAllchin, A M aThreshold of Lightb Prayers & Praises from the Celtic Tradition aLondon bDarton, Longman & Todd c1986 a74p  aincludes index and biblioraphy aPrayers bSRS cBK 001040708StackRoom-aHMIbHMId2013-05-20g80.00l1o242.8 ALLp11002389r2019-09-25s2019-09-25v80.00w2013-05-20yBK c17572d17572